000 01461cam a22002653a 4500
001 31017
003 PGUSA
005 20140828083654.0
008 100119s2010||||xxu|||||s|||||000 d eng d
040 _aPGUSA
_beng
042 _adc
050 4 _aPS
100 1 _aHuneker, James,
_d1857-1921
245 1 0 _aIvory, Apes and Peacocks
_h[electronic resource] /
_cJames Huneker
260 _bProject Gutenberg,
_c2010
505 0 _aThe genius of Joseph Conrad -- A visit to Walt Whitman -- The buffoon of the new eternities: Jules LaForgue -- Dostoïevsky and Tolstoy, and the younger choir of Russian writers -- Arnold Schoenberg -- Music of to-day and to-morrow -- Frank Wedekind -- The magic Vermeer -- Richard Strauss at Stuttgart -- Max Liebermann and some phases of modern German art -- A musical primitive: Modeste Moussorgsky -- New plays by Hauptmann, Sudermann, and Schnitzler -- Kubin, Munch, and Gauguin: masters of hallucination -- The cult of the nuance: Lafcadio Hearn -- The melancholy of masterpieces -- The Italian futurist painters -- In the workshop of Zola -- A study of de Maupassant -- Puvis de Chavannes -- Three disagreeable girls.
506 _aPublic domain in the USA.
516 _aElectronic text
653 _aLiterature, Modern -- History and criticism
653 _aMusic -- History and criticism
653 _aArt
830 0 _aProject Gutenberg
_v31017
856 4 0 _uhttp://www.gutenberg.org/ebooks/31017
942 _cEB
999 _c260272
_d260272